Best-selling Authors A-Z Quiz Stats

Quiz not verified by Sporcle

Challenge
Share
Tweet
Embed
Score 0/26 Timer 04:00
0 Plays Today
Clue Author % Correct
Harry Potter and the ...J. K. Rowling
98%
The HobbitJ. R. R. Tolkien
94.5%
The ShiningStephen King
90.4%
The BFGRoald Dahl
90.1%
Murder on the Orient ExpressAgatha Christie
89%
From Russia, with LoveIan Fleming
84.6%
Around the World in Eighty DaysJules Verne
84.1%
LolitaVladimir Nabokov
78.6%
A Game of ThronesGeorge R. R. Martin
75.3%
The Autobiography of Malcolm XMalcolm X
73.6%
A Time to KillJohn Grisham
67%
The Legend of Sleepy HollowWashington Irving
65.4%
The Name of the RoseUmberto Eco
64.3%
Clue Author % Correct
The Bourne IdentityRobert Ludlum
58.2%
The Color PurpleAlice Walker
56%
Fifty Shades of GreyE.L. James
55.5%
Tales to Give You GoosebumpsR. L. Stine
53.3%
Alex Cross, RunJames Patterson
43.4%
ExodusLeon Uris
40.1%
The English PatientMichael Ondaatje
34.6%
NanaÉmile Zola
33%
Revolutionary RoadRichard Yates
28.6%
Kane and AbelJeffrey Archer
25.3%
The Magic Faraway TreeEnid Blyton
18.7%
Mr. GreedyRoger Hargreaves
17.6%
The Paid Companion*Amanda Quick
9.3%

You're not logged in!

Compare scores with friends on all Sporcle quizzes.
Sign Up with Email
OR
Log In

You Might Also Like...

Show Comments

Extras

Top Quizzes Today


Score Distribution

Your Account Isn't Verified!

In order to create a playlist on Sporcle, you need to verify the email address you used during registration. Go to your Sporcle Settings to finish the process.